The truth about AIDS: (Record no. 4396)

MARC details
000 -LEADER
fixed length control field 00600nam a22002057a 4500
003 - CONTROL NUMBER IDENTIFIER
control field OSt
005 - DATE AND TIME OF LATEST TRANSACTION
control field 20160616185053.0
008 - FIXED-LENGTH DATA ELEMENTS--GENERAL INFORMATION
fixed length control field 160616b xxu||||| |||| 00| 0 eng d
020 ## - INTERNATIONAL STANDARD BOOK NUMBER
International Standard Book Number 0805001999
040 ## - CATALOGING SOURCE
Transcribing agency 040a
082 ## - DEWEY DECIMAL CLASSIFICATION NUMBER
Classification number QW 551
Item number F431t 1985
100 ## - MAIN ENTRY--PERSONAL NAME
Personal name Fettner, Ann Guidici
9 (RLIN) 9459
245 ## - TITLE STATEMENT
Title The truth about AIDS:
Remainder of title evolution of an epidemic /
Statement of responsibility, etc. Ann Guidici Fettner, William A. Check
260 ## - PUBLICATION, DISTRIBUTION, ETC. (IMPRINT)
Place of publication, distribution, etc. New York
Name of publisher, distributor, etc. Henry Holt and company
Date of publication, distribution, etc. 1985
300 ## - PHYSICAL DESCRIPTION
Extent xiii, 306p;
Dimensions 10 cm.
504 ## - BIBLIOGRAPHY, ETC. NOTE
Bibliography, etc Includes index.
650 ## - SUBJECT ADDED ENTRY--TOPICAL TERM
Topical term or geographic name as entry element AIDS
9 (RLIN) 2450
700 ## - ADDED ENTRY--PERSONAL NAME
Personal name Check, William A
9 (RLIN) 9460
942 ## - ADDED ENTRY ELEMENTS (KOHA)
Source of classification or shelving scheme Dewey Decimal Classification
Koha item type Open Shelf
Holdings
Withdrawn status Lost status Source of classification or shelving scheme Damaged status Not for loan Home library Current library Date acquired Inventory number Total Checkouts Full call number Barcode Date last seen Price effective from Koha item type Source of acquisition
    Dewey Decimal Classification     MUST Main Library MUST Main Library 16/06/2016 173   QW 551 F431t 1985 2016-2562 16/06/2016 16/06/2016 Open Shelf  
    Dewey Decimal Classification     MUST Main Library MUST Main Library 16/06/2016 185   QW 551 F431t 1985 2016-2563 16/06/2016 16/06/2016 Open Shelf  
    Dewey Decimal Classification     MUST Main Library MUST Main Library 16/06/2016 194   QW 551 F431t 1985 2016-2564 16/06/2016 16/06/2016 Open Shelf  
    Dewey Decimal Classification     MUST Main Library MUST Main Library 16/06/2016 191   QW 551 F431t 1985 2016-2565 16/06/2016 16/06/2016 Open Shelf  
    Dewey Decimal Classification     MUST Main Library MUST Main Library 16/06/2016 184   QW 551 F431t 1985 2016-2566 16/06/2016 16/06/2016 Open Shelf  
    Other/Generic Classification Scheme     MUST Main Library MUST Main Library 22/07/2016 177   QW 551 F431t 1985 2016-3408 22/07/2016 22/07/2016 Open Shelf  
    Dewey Decimal Classification     MUST Main Library MUST Main Library 15/10/2024 178   QW 551 F431t 1985 2024-22491 15/10/2024 15/10/2024 Book Bank Purchase